| 000 | 00564nam a2200193Ia 4500 | ||
|---|---|---|---|
| 003 | GCL | ||
| 008 | 140319s9999 xx 000 0 ara d | ||
| 040 |
_aGCL / _cGCL |
||
| 082 | 0 | 4 |
_a219.1 _bع ف |
| 100 | 1 | _aعبدالمنعم قنديل | |
| 245 | 1 | 0 |
_aفتنة النساء / _cعبدالمنعم قنديل |
| 260 |
_a[S.N] : _bمكتبة التراث الاسلامى ، _c1988 |
||
| 300 | _a159 ص | ||
| 490 | _a | ||
| 650 | 0 | 4 | _aالاسلام |
| 650 | 0 | 4 | _aالحجاب والسفور |
| 650 | 0 | 4 | _aالمرأة فى الاسلام |
| 942 |
_2ddc _cBK |
||
| 999 |
_c53880 _d53880 |
||